Especies del género Eurytides (Hübner, 1821) (Registro nro. 2320)

Detalles MARC
000 -CABECERA
Campo de control 00590nam a2200205 a 4500
005 - FECHA Y HORA DE LA ULTIMA TRANSACCION
Campo de control 20180803165004.0
008 - ELEMENTOS DE LONGITUD FIJA—INFORMACION GENERAL
Campo de control 140305b1981 ck |||||rm||| 00| 0 eng d
040 ## - FUENTE DE CATALOGACIÓN
Agencia catalogadora original CO-BoIAVH
Agencia transcriptora CO-BoIAVH
041 ## - IDIOMA
Código de idioma para texto/pista de sonido o título separado Español
044 ## - PAÍS DE PUBLICACIÓN
País de publicación Colombia
090 ## - CLASIFICACIÓN LOCAL
Colección TE
Consecutivo 0029
100 ## - ASIENTO PRINCIPAL--NOMBRE PERSONAL
Nombre personal Bohorquez Bohorquez, Camilo Antonio
9 (RLIN) 15492
245 ## - MENCION DE TITULO
Título Especies del género Eurytides (Hübner, 1821)
260 ## - PUBLICACION, DISTRIBUCION, ETC. (PIE DE IMPRENTA)
Lugar de publicación, distribución, etc. Bogotá
Nombre del editor, distribuidor, etc. Universidad Nacional de Colombia. Faculdad de Ciencias
Fecha de publicación, distribución, etc. 1981
300 ## - DESCRIPCION FISICA
Extensión 2 vol.
650 ## - ASIENTO SECUNDARIO DE MATERIA - TERMINO TEMATICO
Término temático o nombre geográfico como elemento de entrada Lepidoptera
9 (RLIN) 74734
650 ## - ASIENTO SECUNDARIO DE MATERIA - TERMINO TEMATICO
Término temático o nombre geográfico como elemento de entrada Inventarios
9 (RLIN) 92201
662 ## - ASIENTO SECUNDARIO DE MATERIA - JERARQUIA DEL NOMBRE DE LUGAR(
País o entidad mayor Colombia
942 ## - ELEMENTOS ADICIONALES (KOHA)
Tipo de ítem Tesis
Sistema de clasificación Local
Koha issues (borrowed), all copies 2
Existencias
Withdrawn status Lost status Sistema de Clasificación Damaged status No para préstamo Colección Inventariado Ubicación Permanente Ubicación actual Fecha de adquisición Fuente de Valor Total Checkouts Número topográfico Inventario / Código de Barras Date last seen Date checked out Ejemplar Price effective from Forma de adquisición Tipo de material
    Local     Tesis Inventariado 2017 Bogotá Bogotá 08/06/2001 Schmidt, Nubia de 1 TE-0029 002879 11/07/2017 11/07/2017 V. 1 Ej. 1 04/12/2012 Donación Tesis
    Local     Tesis Inventariado 2017 Bogotá Bogotá 08/06/2001 Schmidt, Nubia de 1 TE-0029 002880 11/07/2017 11/07/2017 V. 2 Ej. 1 04/12/2012 Donación Tesis